شر ی شو مہا پر ا ن (Record no. 169868)

MARC details
000 -LEADER
fixed length control field 00614nam a22001937a 4500
005 - DATE AND TIME OF LATEST TRANSACTION
control field 20191206121651.0
010 ## - LCCN (DPL NO)
LC control number A-353742
020 ## - INTERNATIONAL STANDARD BOOK NUMBER
Terms of availability 150.00
International Standard Book Number -
035 ## - SYSTEM CONTROL NUMBER
System control number A-353742
037 ## - SOURCE OF ACQUISITION
Source of stock number/acquisition BPPD
082 ## - DEWEY DECIMAL CLASSIFICATION NUMBER
Classification number 230.22
100 ## - MAIN ENTRY--PERSONAL NAME
Personal name ا گر و ا ل د ھو نی
245 ## - TITLE STATEMENT
Title شر ی شو مہا پر ا ن
Statement of responsibility, etc ا گر و ا ل د ھو نی
246 ## - VARYING FORM OF TITLE
Title proper/short title Shri Shiv Maha Puran
Remainder of title by Aggarwal Dhoni
260 ## - PUBLICATION, DISTRIBUTION, ETC. (IMPRINT)
Place of publication, distribution, etc Delhi
Date of publication, distribution, etc 1987 ء
Name of publisher, distributor, etc Dihati Pustak Bhandar
270 ## - ADDRESS
Address Chawri BazarChowk,Barshah Bola,
City Delhi
Telephone number 261030
Postal code 110006
300 ## - PHYSICAL DESCRIPTION
Extent 752 ص
Dimensions 22 cm(hb)
942 ## - ADDED ENTRY ELEMENTS (KOHA)
Source of classification or shelving scheme Dewey Decimal Classification
Item type Urdu Bks
Classification part 230.22
Call number suffix ا گ ر
Holdings
Withdrawn status Lost status Not for loan Collection code Home library Current library Date acquired Source of acquisition Cost, normal purchase price Full call number Barcode Copy number Cost, replacement price Koha item type
    Ordered Non-fiction Central Library Central Library 06/12/2019 BPPD/Ven. 150.00 230.22 ا گ ر A-353742 1 150.00 Urdu Bks

© Delhi Public Library
Hit Counter
free hit counter